ბათუმის შოთა რუსთაველის სახელმწიფო უნივერსიტეტის ბიბლიოთეკა

ფეხბურთი თავით უნდა ითამაშო (ბიბ.ჩანაწერი № 43416)

000 -LEADER
fixed length control field 00897nam a2200229Ia 4500
001 - CONTROL NUMBER
control field 10145
003 - CONTROL NUMBER IDENTIFIER
control field GE_BSU
008 - FIXED-LENGTH DATA ELEMENTS--GENERAL INFORMATION
fixed length control field 181216s||||||||xx |||||||||||||| ||und||
040 ## - CATALOGING SOURCE
Transcribing agency GE_BSU
080 ## - UNIVERSAL DECIMAL CLASSIFICATION NUMBER
Universal Decimal Classification number 821.353.1-7
100 ## - MAIN ENTRY--PERSONAL NAME
Personal name სამსონია,ალექსანდრე
245 ## - TITLE STATEMENT
Title ფეხბურთი თავით უნდა ითამაშო
245 ## - TITLE STATEMENT
Remainder of title იუმორისტილი მოთხრობები
245 ## - TITLE STATEMENT
Statement of responsibility, etc. რედ:ზ.ფირცხალაიშვილი;მხატვ:რ.სანადირაძე.
260 ## - PUBLICATION, DISTRIBUTION, ETC.
Place of publication, distribution, etc. ბათუმი.
260 ## - PUBLICATION, DISTRIBUTION, ETC.
Name of publisher, distributor, etc. საბჭ.აჭარა.
260 ## - PUBLICATION, DISTRIBUTION, ETC.
Date of publication, distribution, etc. 1985
300 ## - PHYSICAL DESCRIPTION
Extent 155გვ;22სმ.
653 ## - INDEX TERM--UNCONTROLLED
Uncontrolled term იუმორისტული მოთხრობები
653 ## - INDEX TERM--UNCONTROLLED
Uncontrolled term ფეხბურთი თავით უნდა ითამაშო
942 ## - ADDED ENTRY ELEMENTS (KOHA)
Koha item type წიგნი
ეგზემპლარები
Withdrawn status Lost status Damaged status Not for loan Date acquired Barcode Date last seen Price effective from Koha item type
        2018-12-17 33631 2018-12-17 2018-12-17 წიგნი